| 000 | 00000nas 2200000za 4500 |
| 001 | 9.810580 |
| 003 | CaOODSP |
| 005 | 20221107140906 |
| 007 | cr ||||||||||| |
| 008 | 160204d20172017oncar p o f0 b0fre|d |
| 022 | |a2369-9493 |
| 040 | |aCaOODSP|bfre |
| 043 | |an-cn--- |
| 086 | 1 |aR101-2F-PDF |
| 110 | 2 |aSavoir polaire Canada. |
| 222 | 0|aRapport sur les plans et les priorités |b(Savoir polaire Canada) |
| 245 | 10|aRapport sur les plans et les priorités |h[ressource électronique] / |cSavoir polaire Canada. |
| 260 | |a[Ottawa] : |bSavoir polaire Canada, |cc2016. |
| 310 | |aAnnuel |
| 362 | 0 |a2016/2017. |
| 500 | |aPubli. aussi en anglais sous le titre : Report on plans and priorities. |
| 692 | 07|2gccst|aDépenses |
| 692 | 07|2gccst|aPlanification |
| 775 | 08|tReport on plans and priorities |w(CaOODSP)9.810568 |
| 785 | 00|tPlan ministériel |w(CaOODSP)9.829550 |